|
|
|
|
| LEADER |
02519nam a2200733 i 4500 |
| 001 |
nkc20193074835 |
| 003 |
CZ PrNK |
| 005 |
20190514114042.0 |
| 007 |
ta |
| 008 |
190204s2018 xr a f 001 0 cze |
| 015 |
|
|
|a cnb003074835
|
| 020 |
|
|
|a 978-80-7530-151-2
|q (vázáno)
|
| 035 |
|
|
|a (OCoLC)1096295825
|
| 040 |
|
|
|a BOA001
|b cze
|e rda
|
| 041 |
1 |
|
|a cze
|h eng
|
| 072 |
|
7 |
|a 00
|x Věda. Všeobecnosti. Základy vědy a kultury. Vědecká práce
|2 Konspekt
|9 12
|
| 080 |
|
|
|a 165
|2 MRF
|
| 080 |
|
|
|a 39+572
|2 MRF
|
| 080 |
|
|
|a 616.89
|2 MRF
|
| 080 |
|
|
|a 575.8
|2 MRF
|
| 080 |
|
|
|a 007
|2 MRF
|
| 080 |
|
|
|a 316.77
|2 MRF
|
| 080 |
|
|
|a 316.7+008
|2 MRF
|
| 080 |
|
|
|a (0:82-4)
|2 MRF
|
| 080 |
|
|
|a (082.21)
|2 MRF
|
| 100 |
1 |
|
|a Bateson, Gregory,
|d 1904-1980
|7 ola2002152157
|4 aut
|
| 240 |
1 |
0 |
|a Steps to ecology of mind.
|l Česky
|
| 245 |
1 |
0 |
|a Ekologie mysli /
|c Gregory Bateson ; překlad Pavel Černovský a Marek Kučera
|
| 250 |
|
|
|a Vydání první
|
| 264 |
|
1 |
|a Praha :
|b Malvern,
|c 2018
|
| 300 |
|
|
|a 507 stran :
|b ilustrace ;
|c 21 cm
|
| 336 |
|
|
|a text
|b txt
|2 rdacontent
|
| 337 |
|
|
|a bez média
|b n
|2 rdamedia
|
| 338 |
|
|
|a svazek
|b nc
|2 rdacarrier
|
| 490 |
1 |
|
|a Božské lahvice
|
| 500 |
|
|
|a Přeloženo z angličtiny
|
| 504 |
|
|
|a Obsahuje bibliografické odkazy a rejstříky
|
| 650 |
0 |
7 |
|a teorie poznání
|7 ph116428
|2 czenas
|
| 650 |
0 |
7 |
|a antropologie
|7 ph114065
|2 czenas
|
| 650 |
0 |
7 |
|a psychiatrie
|7 ph115943
|2 czenas
|
| 650 |
0 |
7 |
|a evoluce (biologie)
|7 ph114506
|2 czenas
|
| 650 |
0 |
7 |
|a kybernetika
|7 ph115051
|2 czenas
|
| 650 |
0 |
7 |
|a komunikace (sdělování)
|7 ph114956
|2 czenas
|
| 650 |
0 |
7 |
|a civilizace
|7 ph119248
|2 czenas
|
| 650 |
0 |
9 |
|a theory of knowledge
|2 eczenas
|
| 650 |
0 |
9 |
|a anthropology
|2 eczenas
|
| 650 |
0 |
9 |
|a psychiatry
|2 eczenas
|
| 650 |
0 |
9 |
|a evolution (biology)
|2 eczenas
|
| 650 |
0 |
9 |
|a cybernetics
|2 eczenas
|
| 650 |
0 |
9 |
|a human communication
|2 eczenas
|
| 650 |
0 |
9 |
|a civilization
|2 eczenas
|
| 655 |
|
7 |
|a eseje
|7 fd132213
|2 czenas
|
| 655 |
|
7 |
|a výbory
|7 fd133853
|2 czenas
|
| 655 |
|
9 |
|a essays
|2 eczenas
|
| 655 |
|
9 |
|a selected works
|2 eczenas
|
| 700 |
1 |
|
|a Černovský, Pavel
|7 mzk2008448703
|4 trl
|
| 700 |
1 |
|
|a Kučera, Marek
|4 trl
|
| 830 |
|
0 |
|a Božské lahvice
|0 s
|
| 910 |
2 |
|
|a BOA001
|b 2-1421.743
|
| 990 |
|
|
|a BK
|
| 995 |
|
|
|a 01
|
| 991 |
|
|
|b 201902
|c NOV
|
| 996 |
6 |
|
|b 2610769769
|c 2-1421.743
|l MZK
|r Sklad / do 1 hodiny
|n 4
|p p.v.
|w 001706621
|u 000010
|a 1
|e BOA001
|j MZK50
|s P
|
| 996 |
7 |
|
|b 2610773655
|c 2-1421.743
|l Vol.výběr
|r VV 0p
|n 9
|p kup
|h 316.77 BAT
|w 001706621
|u 000020
|a 0
|e BOA001
|j MZK50
|s A
|